| 000 | nam a22 7a 4500 | ||
|---|---|---|---|
| 999 |
_c8123 _d8123 |
||
| 005 | 20190913010031.0 | ||
| 008 | 190913b xxu||||| |||| 00| 0 eng d | ||
| 020 | _bpaperback | ||
| 040 |
_beng _cAPEC Schools Library _erda |
||
| 082 |
_aF 899 _bP191p 1954 |
||
| 100 | _aPanganiban, Villa | ||
| 245 |
_aPanitikan ng Pilipinas / _cVilla Panganiban |
||
| 264 |
_aQuezon City : _bBede's Publishing House, Inc., _c©1954. |
||
| 300 | _a248 pages ; | ||
| 336 |
_2rdacontent _atext |
||
| 337 |
_2rdamedia _aunmediated |
||
| 338 |
_2rdacarrier _avolume |
||
| 504 | _aIncludes bibliographical references and index. | ||
| 650 | _aTagalog literature. | ||
| 942 |
_2ddc _cNFIC |
||